000 01747nam a2200385 i 4500
001 768714001
003 CO-MdFUSB
005 20260321121235.0
007 ta
008 200608t19961997mx ||||| b||| 001 0 spa d
020 _a968-7866-00-4
040 _aCO-MdFUSB
_bspa
_cCO-MdFUSB
_dCO-MdFUSBC
_erda
041 _aspa
082 _223
_a239
_bIS85
100 _aIsrael, Eiren
_eautor
245 1 3 _aLos profetas de la prosperidad
_c/ Eiren Israel , Elías Rangel S. , José M. Torres
250 _aPrimera edición
264 1 _aMéxico, D.F. :
_bProducciones Sabbaoth,
_c[1997]
264 4 _c©1997
300 _c162 páginas ;
_a22 cm
336 _2rdacontent
_atexto
_btxt
337 _2rdamedia
_asin mediación
_bn
338 _2rdacarrier
_avolumen
_bnc
500 _aIncluye índice general , prefacio, bibliografía general.
505 _aIntroducción a la herejía: el nuevo evangelio de la avaricia. — Un comienzo espectacular. — Adoradores del dios de las riquezas. — Arruinados por una religión de fantasías. — Mentiras que matan. — Una devaluación no profetizada. — EUA: exportando escándalos que destruyen la fe. — Amistad cristiana, oración fuerte, centros de fe y otras sectas peligrosas. — La catástrofe económica y el fracaso de los profetas de la prosperidad. — Verdadero cristianismo para un tiempo de crisis. — Un llamado a las iglesias. — Bibliografía general.
563 _aRústico
650 7 _aReligión
_9385
650 7 _aCristianismo
_922
653 _aEvangelio de la prosperidad -- Crítica
653 _aSectas cristianas
700 _aRangel S., Elías
_911263
_eautor
700 _aTorres, José M.
_911264
_eautor
942 _cBK
945 _aCatherine Arias Alvarez
999 _c71300
_d71300